| 000 | 00526nam a2200169Ia 4500 | ||
|---|---|---|---|
| 003 | GCL | ||
| 008 | 140319s9999 xx 000 0 ara d | ||
| 040 |
_aGCL / _cGCL |
||
| 082 | 0 | 4 |
_a643.3 _bل ك |
| 100 | 1 | _aلينارضا فنير | |
| 245 | 1 | 0 |
_aكيف تنظمين مطبخك: الى ربات البيوت المتزوجات فقط / _cلينارضا فنير |
| 300 | _a211 ص | ||
| 490 |
_aموسوعة عالم الطبخ _v0 |
||
| 650 | 0 | 4 | _aالمطبخ |
| 650 | 0 | 4 | _aالتدبير المنزلى |
| 942 |
_2ddc _cBK |
||
| 999 |
_c45649 _d45649 |
||